[Event "GER-ch Seniors 22nd"]
[Site "Berlin"]
[Date "2010.08.23"]
[Round "8"]
[White "Khanukov, Boris"]
[Black "Schippan, Bernhard"]
[Result "1-0"]
[WhiteElo "2258"]
[BlackElo "2195"]
[PlyCount "77"]
[EventDate "2010.08.16"]
[EventType "swiss"]
[EventRounds "9"]
[EventCountry "GER"]
[SourceTitle "CBM 138 Extra"]
[Source "ChessBase"]
[SourceDate "2010.10.29"]
[SourceVersion "1"]
[SourceVersionDate "2010.10.29"]
[SourceQuality "1"]

1. d4 Nf6 2. Nf3 g6 3. c4 Bg7 4. g3 0-0 5. Bg2 d6 6. 0-0 c5 7. d5 e6 8. Nc3 exd5 9. cxd5 Re8 10. Nd2 Nbd7 11. a4 a6 12. h3 Rb8 13. Nc4 Ne5 14. Nxe5 Rxe5 15. a5 b5 16. axb6 Rxb6 17. e4 Rb4 18. Re1 Re8 19. Kh2 Bb7 20. Ra2 Bc8 21. Bd2 Rb8 22. Nb1 Nd7 23. Bc3 f6 24. Nd2 Qe7 25. Nc4 Ne5 26. Na5 Bd7 27. f4 Nf7 28. Nc6 Bxc6 29. dxc6 Rb6 30. Qd5 Rc8 31. Qc4 Qc7 32. e5 fxe5 33. fxe5 Bxe5 34. Bxe5 dxe5 35. Rxe5 Qa7 36. Re6 Rcb8 37. Qxc5 Rxb2 38. Rxb2 Rxb2 39. Re8+ 1-0

[Event "GER-ch Seniors 22nd"]
[Site "Berlin"]
[Date "2010.08.22"]
[Round "7"]
[White "Schippan, Bernhard"]
[Black "Schulz, Wolfgang"]
[Result "1-0"]
[WhiteElo "2195"]
[BlackElo "2051"]
[PlyCount "107"]
[EventDate "2010.08.16"]
[EventType "swiss"]
[EventRounds "9"]
[EventCountry "GER"]
[SourceTitle "CBM 138 Extra"]
[Source "ChessBase"]
[SourceDate "2010.10.29"]
[SourceVersion "1"]
[SourceVersionDate "2010.10.29"]
[SourceQuality "1"]

1. e4 e5 2. Nf3 Nc6 3. Bb5 a6 4. Ba4 Nf6 5. 0-0 Be7 6. Re1 b5 7. Bb3 0-0 8. d4 d6 9. c3 Bg4 10. d5 Na5 11. Bc2 c6 12. h3 Bc8 13. dxc6 Qc7 14. Nbd2 Qxc6 15. Nf1 h6 16. Ng3 Re8 17. Nh4 Bf8 18. Qf3 Nh7 19. Nhf5 Be6 20. Ne3 Ng5 21. Qd1 Nc4 22. Nd5 Nb6 23. Bb3 a5 24. Nxb6 Qxb6 25. Bd5 Rac8 26. Be3 Qb8 27. Qd2 Nh7 28. a4 Nf6 29. axb5 Qxb5 30. c4 Qb4 31. Rxa5 Rb8 32. Qxb4 Rxb4 33. Bc1 Nd7 34. Ra2 Nc5 35. Bd2 Rb3 36. Bc3 Reb8 37. Rd1 Be7 38. f3 Bd7 39. Nf5 Bf8 40. Ra7 g6 41. Ng3 h5 42. Ne2 Bh6 43. Nc1 Bxc1 44. Rxc1 Be8 45. Rca1 Kf8 46. Rc7 Na4 47. Rxa4 Bxa4 48. Rxf7+ Ke8 49. Rf6 Ke7 50. Re6+ Kd7 51. c5 dxc5 52. Bxb3 Bxb3 53. Rxg6 Bf7 54. Rf6 1-0

[Event "GER-ch Seniors 22nd"]
[Site "Berlin"]
[Date "2010.08.20"]
[Round "5"]
[White "Schippan, Bernhard"]
[Black "Mueller, Waldemar"]
[Result "1-0"]
[WhiteElo "2195"]
[BlackElo "1976"]
[PlyCount "67"]
[EventDate "2010.08.16"]
[EventType "swiss"]
[EventRounds "9"]
[EventCountry "GER"]
[SourceTitle "CBM 138 Extra"]
[Source "ChessBase"]
[SourceDate "2010.10.29"]
[SourceVersion "1"]
[SourceVersionDate "2010.10.29"]
[SourceQuality "1"]

1. e4 c5 2. Nc3 Nc6 3. g3 Nf6 4. Bg2 g6 5. f4 d6 6. Nf3 Bg7 7. 0-0 0-0 8. d3 a6 9. Ne2 Qb6 10. h3 Bd7 11. Nh2 Rac8 12. c3 e6 13. Kh1 Qc7 14. g4 Ne7 15. Ng3 Bc6 16. Qe1 Rfe8 17. Qf2 Nd7 18. f5 exf5 19. gxf5 f6 20. Be3 Ne5 21. d4 Nd3 22. Qd2 c4 23. Bh6 d5 24. Bxg7 Kxg7 25. e5 Ng8 26. Ng4 fxe5 27. f6+ Kh8 28. dxe5 Nxe5 29. Qf4 Qb8 30. Nxe5 Qxe5 31. f7 Qxf4 32. Rxf4 Re7 33. Rf2 Re3 34. Raf1 1-0